Statistics for Most Densely Populated U.S. States

Click here to take the quiz!

General Stats

  • This quiz has been taken 27 times
  • The average score is 10 of 10

Answer Stats

RankPeople Per Sq. MileAnswer% Correct
6508Delaware
100%
11263New Jersey
100%
7429New York
100%
4745Connecticut
96%
5636Maryland
96%
10289Ohio
96%
21061Rhode Island
96%
8402Florida
92%
3901Massachusetts
92%
9291Pennsylvania
88%

Score Distribution

Percentile by Number Answered

Percent of People with Each Score

Your Score History

You have not taken this quiz